000 02024cam a22002294a 4500
005 20250605164006.0
008 250528s ||||||||||||||||||||||||d
035 _a15807
020 _a9603590843
040 _aGR-AtMCL
_bgre
_dGR-AtMCL
_eAACR2
245 1 _aΣύγχρονη Διοικητική Δημόσιων Σχέσεων / Α Έκδοση
250 _a
260 _bΜπένου,
_c2001
300 _a320
505 0 _aΠρόλογος, Εισαγωγή στις Δημόσιες Σχέσεις, Η Ανάπτυξη των Δημοσίων Σχέσεων, Χαρακτηριστικά του Υπευθύνου Δημοσίων Σχέσεων, Το Πρόγραμμα των Δημοσίων Σχέσεων, Μέσα Ενημέρωσης, Οι Δημόσιες Σχέσεις και ο Τύπος, Τα Διαδραστικά Πολυμέσα και το Ίντερνετ και οι άλλες Τεχνολογίες, Η Έρευνα των Δημοσίων Σχέσεων, Χορηγία, Αντιμετώπιση Κρίσεων, Κώδικας Δεοντολογίας, Γενικά Παραρτήματα.
520 _aΠρόλογος, Εισαγωγή στις Δημόσιες Σχέσεις, Η Ανάπτυξη των Δημοσίων Σχέσεων, Χαρακτηριστικά του Υπευθύνου Δημοσίων Σχέσεων, Το Πρόγραμμα των Δημοσίων Σχέσεων, Μέσα Ενημέρωσης, Οι Δημόσιες Σχέσεις και ο Τύπος, Τα Διαδραστικά Πολυμέσα και το Ίντερνετ και οι άλλες Τεχνολογίες, Η Έρευνα των Δημοσίων Σχέσεων, Χορηγία, Αντιμετώπιση Κρίσεων, Κώδικας Δεοντολογίας, Γενικά Παραρτήματα.
700 1 _aΒεντούρα - Νεοκοσμίδη Ζωή
_91802
700 1 _aΠανηγυράκης Γεώργιος Γ
_91742
942 _cBK
999 _c1358
_d1358